000 00685nam a2200241Ia 4500
003 OSt
005 20220918190456.0
006 a|||||r|||| 00| 0
007 ta
008 220917b |||||||| |||| 00| 0 eng d
024 _a57,076
037 _cTextual
040 _aARTS
_cARTS
_beng
041 _2eng
_aeng
082 _aQ:(R), L4
100 _aDiamond Malcolm L
_972749
245 0 _aContemporary philosophy and religious thought
_b an introduction to the philosophy of religion
260 _aNew York
_bMcGraw Hill
_c1974
300 _axiii,450p.
_ccm.
650 _aRELIGION
942 _hQ:(R), L4
_cTEXL
_2CC
999 _c185333
_d185333